| 000 | 00851cam a22002535a 4500 | ||
|---|---|---|---|
| 001 | 3052009 | ||
| 005 | 20171218104100.0 | ||
| 008 | 960402t1996 gw a frb 000 0 eng d | ||
| 020 | _a3540611525 | ||
| 020 | _a9783540611523 | ||
| 040 |
_aDLC _cDLC _dDLC _dEG-ScBUE _beng |
||
| 082 | 0 | 4 |
_222 _a339.5 _bVIL |
| 100 | 1 |
_aVillar, Antonio, _d1954- |
|
| 245 | 1 | 0 |
_aGeneral equilibrium with increasing returns / _cAntonio Villar. |
| 260 |
_aBerlin ; _aNew York : _bSpringer, _cc.1996. |
||
| 300 |
_axiii, 164 p. : _bill. ; _c24 cm. |
||
| 490 |
_aLecture notes in economics and mathematical systems ; _v438 |
||
| 504 | _aIncludes bibliographical references. | ||
| 650 | 7 |
_aEconomies of scale _xMathematical models. _2BUEsh |
|
| 650 | 7 |
_aEquilibrium (Economics) _xMathematical models. _2BUEsh |
|
| 651 | _2BUEsh | ||
| 653 |
_bGGEN _cDecember2017 |
||
| 942 | _2ddc | ||
| 999 |
_c25725 _d25697 |
||